000 00499nam a2200181Ia 4500
001 21367
005 20260306172914.0
008 260306t2022||||xx |||||||||||||| ||spa||
041 _aESP
082 _a344.529
_bP42
100 _aPeña Cabrera Freyre, Alonso Raúl,
_eAUT
245 0 _aDelitos contra la fe pública :
_bdesarrollo normativo, doctrinario y jurisprudencial
260 _c2022
300 _a302 páginas :
_c25 cm.
650 _aGEN
654 _aCDE
942 _cLIB
_dJUS
_fJUS
_2ddc
_n
999 _c21367
_d21367